| 000 | 00859cam a22002531 4500 | ||
|---|---|---|---|
| 001 | 23257 | ||
| 003 | BD-RjUL | ||
| 005 | 20211209000917.0 | ||
| 008 | 140310s19521946nyuaef b 001 0 eng d | ||
| 035 | _a(BD-RjUL)23322 | ||
| 040 |
_aDLC _cDLC _dBD-RjUL _beng |
||
| 041 | _aeng | ||
| 082 | 0 | 0 |
_a901 _bNOM 1952 |
| 100 | 1 |
_aNorthrop, F. S. C. _q(Filmer Stuart Cuckow), _d1893- _971682 |
|
| 245 | 1 | 4 |
_aThe meeting of East and West : _ban inquiry concerning world understanding / _cby F. S. C. Northrop. |
| 260 |
_aNew York : _bThe Macmillan company, _c1946 [Printing 1952]. |
||
| 300 |
_axxii p., 531 p. : _bcol. front., xvi pl. (incl. plan) on 8 l., diagrs. ; _c22 cm. |
||
| 500 | _aIncludes index. | ||
| 504 | _a"References": p. 497-509. | ||
| 650 | 0 |
_aCivilization _xPhilosophy. _93440 |
|
| 942 |
_2ddc _cBK |
||
| 999 |
_c23257 _d23257 |
||